Six Closest Non-Bordering Countries - Ukraine - Statistics

General Stats
  • This quiz has been taken 68 times
  • The average score is 2 of 6
Answer Stats
km country miles % Correct
148 Bulgaria 92
67%
220 Lithuania 136
55%
264 Czechia 164
45%
365 Türkiye 227
40%
285 Serbia 177
30%
368 Croatia 229
7%
No matching quizzes found
Score Distribution
Percent of People with Each Score
Percentile by Number Answered
Your Score History
You have not taken this quiz